Contenido de las denuncias de dumping y/o subsidios (Registro nro. 23595)

Detalles MARC
000 -LEADER
fixed length control field 00346 a2200109 4500
001 - CONTROL NUMBER
control field ART_9260
005 - DATE AND TIME OF LATEST TRANSACTION
control field 20260410161835.0
008 - FIXED-LENGTH DATA ELEMENTS--GENERAL INFORMATION
fixed length control field 260409a
100 1# - MAIN ENTRY--PERSONAL NAME
Personal name Fratalocchi, Aldo
245 10 - TITLE STATEMENT
Title Contenido de las denuncias de dumping y/o subsidios
773 0# - HOST ITEM ENTRY
Title Contabilidad y administración
Related parts - Año 4, Nº 41 (nov. 1980)
Record control number REV5485

No hay ítems disponibles.